Unit operations of chemical engineering (Record no. 3799)

000 -LEADER
fixed length control field 00652nam a2200241 a 4500
001 - CONTROL NUMBER
control field 3799
003 - CONTROL NUMBER IDENTIFIER
control field BD-DhUET
008 - FIXED-LENGTH DATA ELEMENTS--GENERAL INFORMATION
fixed length control field 850523s1985 nyua b 001 0 eng
020 ## - INTERNATIONAL STANDARD BOOK NUMBER
International Standard Book Number 0070448280
040 ## - CATALOGING SOURCE
Modifying agency BD-DhUET
Transcribing agency 0
082 0# - DEWEY DECIMAL CLASSIFICATION NUMBER
Classification number 660.2842
Item number MCC/1985
100 1# - MAIN ENTRY--PERSONAL NAME
Personal name McCabe, Warren L.
245 10 - TITLE STATEMENT
Title Unit operations of chemical engineering
250 ## - EDITION STATEMENT
Edition statement 4th ed.
260 ## - PUBLICATION, DISTRIBUTION, ETC. (IMPRINT)
Place of publication, distribution, etc. New York
Name of publisher, distributor, etc. McGraw-Hill
Date of publication, distribution, etc. 1985
300 ## - PHYSICAL DESCRIPTION
Extent x, 960 p.
Other physical details ill.
Dimensions 25 cm.
490 1# - SERIES STATEMENT
Series statement McGraw-Hill chemical engineering series
504 ## - BIBLIOGRAPHY, ETC. NOTE
Bibliography, etc Includes bibliographies
650 #0 - SUBJECT ADDED ENTRY--TOPICAL TERM
Topical term or geographic name as entry element Chemical Processer
700 1# - ADDED ENTRY--PERSONAL NAME
Personal name Smith, Julian C.
700 1# - ADDED ENTRY--PERSONAL NAME
Personal name Harriott, Peter.
942 ## - ADDED ENTRY ELEMENTS (KOHA)
Koha item type General Book
Holdings
Date acquired Shelving location Price effective from Koha date last seen Sublocation or collection (holding branch) Location (home branch) Koha item type Damaged status Koha issues (times borrowed) Withdrawn status Koha full call number Koha normalized classification for sorting Source of classification or shelving scheme Piece designation (barcode) Koha date last borrowed Copy number Not for loan Lost status
2014-11-05Circulation section2014-11-052016-10-23Central Library, BUETCentral Library, BUETGeneral Book   660.2842/MCC/1985660_000000000000000_2842MCC198 72739 1  
2014-11-05Circulation section2014-11-052014-11-05Central Library, BUETCentral Library, BUETGeneral Book   660.2842/MCC/1985660_000000000000000_2842MCC198 77549 2  
2014-11-05Circulation section2014-11-052018-12-04Central Library, BUETCentral Library, BUETGeneral Book 2 660.2842/MCC/1985660_000000000000000_2842MCC198 775502018-11-143  
2015-07-01Reading section2015-07-012015-07-01Central Library, BUETCentral Library, BUETReading Item   660.2842/MCC/1985660_284200000000000_MCC_1985 68731 4  
1989-06-27Rental section2024-11-252024-11-25Central Library, BUETCentral Library, BUETRental Item   660.2842 MCC/1985660_284200000000000_MCC_1985 73910 ৪/ক-১  
1989-06-27Rental section2024-11-252024-11-25Central Library, BUETCentral Library, BUETRental Item   660.2842 MCC/1985660_284200000000000_MCC_1985 73911 ৪/ক-২  
1989-06-27Rental section2024-11-252024-11-25Central Library, BUETCentral Library, BUETRental Item   660.2842 MCC/1985660_284200000000000_MCC_1985 73912 ৪/ক-৩  
1989-06-27Rental section2024-11-252024-11-25Central Library, BUETCentral Library, BUETRental Item   660.2842 MCC/1985660_284200000000000_MCC_1985 73913 ৪/ক-৪  
1989-06-27Rental section2024-11-252024-11-25Central Library, BUETCentral Library, BUETRental Item   660.2842 MCC/1985660_284200000000000_MCC_1985 73914 ৪/ক-৫  
1989-06-27Rental section2024-11-252024-11-25Central Library, BUETCentral Library, BUETRental Item   660.2842 MCC/1985660_284200000000000_MCC_1985 73915 ৪/ক-৬  
1989-06-27Rental section2024-11-252024-11-25Central Library, BUETCentral Library, BUETRental Item   660.2842 MCC/1985660_284200000000000_MCC_1985 73916 ৪/ক-৭  
1989-06-27Rental section2024-11-252024-11-25Central Library, BUETCentral Library, BUETRental Item   660.2842 MCC/1985660_284200000000000_MCC_1985 73917 ৪/ক-৮  
1989-06-27Rental section2024-11-252024-11-25Central Library, BUETCentral Library, BUETRental Item   660.2842 MCC/1985660_284200000000000_MCC_1985 73918 ৪/ক-৯  
1989-06-27Rental section2024-11-252024-11-25Central Library, BUETCentral Library, BUETRental Item   660.2842 MCC/1985660_284200000000000_MCC_1985 73919 ৪/ক-১০  
1989-06-27Rental section2024-11-252024-11-25Central Library, BUETCentral Library, BUETRental Item   660.2842 MCC/1985660_284200000000000_MCC_1985 73934 ৪/ক-২৫  
1989-06-27Rental section2024-11-252024-11-25Central Library, BUETCentral Library, BUETRental Item   660.2842 MCC/1985660_284200000000000_MCC_1985 73935 ৪/ক-২৬